| 000 | 00976cam a2200265 a 4500 | ||
|---|---|---|---|
| 001 | 000002609 | ||
| 005 | 20200929150225.0 | ||
| 008 | 951108s1992 pr b 000 0 spa d | ||
| 020 | _a0865814643 | ||
| 040 |
_aDO-SdBNP _bspa _cBNPHU |
||
| 082 |
_aPR860.9 _bT822j |
||
| 245 | 0 | 4 |
_aLas tribulaciones de Juliá / _cJuan Duchesne Winter... [et. al.]. |
| 260 |
_aSan Juan de Puerto Rico : _bInstituto de Cultura Puertorriqueña, _c1992. |
||
| 300 |
_a187 p. ; _c20 cm. |
||
| 504 | _aIncluye referencias bibliográficas. | ||
| 504 | _aIncluye notas al pie de las páginas | ||
| 600 | 1 | 4 |
_aRODRÍGUEZ JULIÁ, EDGARDO, _d1946- _xCRÍTICA E INTERPRETACIÓN _98220 |
| 650 | 4 |
_aLiteratura puertoriqueña _xHistoria y crítica _98221 |
|
| 700 | 1 |
_aDuchesne Winter, Juan _97083 |
|
| 700 | 1 |
_aRiós Avila, Rubén _98222 |
|
| 700 | 1 |
_aRodríguez Castro, María Elena _98223 |
|
| 700 | 1 |
_aGelpí, Juan _98224 |
|
| 700 | 1 |
_aSotomayor, Aurora María _98225 |
|
| 700 | 1 |
_aSanavitis,Yvonne _98226 |
|
| 999 |
_c2445 _d2445 |
||